[Event "4NCL Division 2d"]
[Site "Puma Hotel, Hinckley Island EN"]
[Date "2013.03.24"]
[Round "8.71"]
[White "Sands, David A"]
[Black "Ivell, Nicholas W"]
[Result "1/2-1/2"]
[WhiteElo "2235"]
[BlackElo "2320"]
[PlyCount "57"]
[EventDate "2013.03.24"]
[WhiteTeam "Barbican Youth"]
[BlackTeam "Spirit of Atticus"]

1. d4 d5 2. c4 e6 3. Nf3 c5 4. cxd5 exd5 5. g3 Nf6 6. Bg2 Be7 7. O-O O-O 8. Nc3
Nc6 9. dxc5 Bxc5 10. Na4 Be7 11. Be3 Re8 12. Rc1 Bg4 13. Bc5 Bxc5 14. Nxc5 Qe7
15. Re1 Rad8 16. h3 Bc8 17. e3 Ne4 18. Nb3 Qf6 19. Nbd4 Ne5 20. Rc2 Nc4 21. Qc1
Ncd6 22. b3 a6 23. Qb2 Qh6 24. Kh2 Nf6 25. Qc1 Ng4+ 26. Kg1 Nf6 27. Kh2 Ng4+
28. Kg1 Nf6 29. Kh2 1/2-1/2

[Event "4NCL Division 2d"]
[Site "Puma Hotel, Hinckley Island EN"]
[Date "2013.03.24"]
[Round "8.72"]
[White "Carleton, John J"]
[Black "Moss, Guy"]
[Result "1/2-1/2"]
[WhiteElo "2277"]
[BlackElo "1964"]
[PlyCount "69"]
[EventDate "2013.03.24"]
[WhiteTeam "Spirit of Atticus"]
[BlackTeam "Barbican Youth"]

1. d4 d5 2. c4 c6 3. Nc3 Nf6 4. cxd5 cxd5 5. Bf4 Nc6 6. e3 Bf5 7. Qb3 Qb6 8.
Qxb6 axb6 9. Nf3 e6 10. Bb5 Bb4 11. O-O O-O 12. Nh4 Bxc3 13. bxc3 Ne4 14. Nxf5
exf5 15. c4 Nb4 16. f3 Nc3 17. Bd6 Nc2 18. Bxf8 Kxf8 19. Kf2 Nxa1 20. Rxa1 Ke7
21. a4 dxc4 22. Rc1 Nxb5 23. axb5 Ra4 24. Rc2 Kd6 25. e4 fxe4 26. fxe4 Rb4 27.
h3 h6 28. h4 h5 29. Ke3 f6 30. Kf4 c3 31. Rxc3 Rxd4 32. Rg3 Rb4 33. Rxg7 Rxb5
34. Rxb7 Ke6 35. g4 1/2-1/2

[Event "4NCL Division 2d"]
[Site "Puma Hotel, Hinckley Island EN"]
[Date "2013.03.24"]
[Round "8.73"]
[White "Stewart, Ashley"]
[Black "Mitchell, Martin"]
[Result "1/2-1/2"]
[WhiteElo "2025"]
[BlackElo "2213"]
[PlyCount "102"]
[EventDate "2013.03.24"]
[WhiteTeam "Barbican Youth"]
[BlackTeam "Spirit of Atticus"]

1. c4 Nf6 2. g3 e6 3. Nf3 d5 4. b3 c5 5. Bg2 Nc6 6. O-O Be7 7. e3 O-O 8. Bb2 d4
9. exd4 cxd4 10. Re1 Ne8 11. Na3 f6 12. Nc2 e5 13. d3 Nc7 14. a3 a5 15. Rb1 Bc5
16. Bc1 b5 17. Nh4 Qd7 18. b4 Ba7 19. c5 Nd5 20. Bd2 axb4 21. axb4 Bb7 22. Qh5
Rad8 23. Qf5 Qf7 24. Ra1 Bb8 25. Reb1 g6 26. Qe4 Rd7 27. Qe2 Rfd8 28. Na3 Na7
29. Rc1 Bc6 30. Qd1 Nc3 31. Bxc3 dxc3 32. Bxc6 Nxc6 33. Nxb5 Rxd3 34. Qe2 Qc4
35. Nxc3 Nxb4 36. Qe4 R3d4 37. Qb7 R4d7 38. Qb5 Qxb5 39. Nxb5 Rb7 40. Nc3 Rc8
41. Ne4 f5 42. Rab1 fxe4 43. Rc4 Ba7 44. Rcxb4 Rxb4 45. Rxb4 Rxc5 46. Rxe4 Rc2
47. Rxe5 Rxf2 48. Kh1 Kf7 49. Rb5 Bd4 50. Rd5 Bf6 51. Kg1 Ke6 1/2-1/2

[Event "4NCL Division 2d"]
[Site "Puma Hotel, Hinckley Island EN"]
[Date "2013.03.24"]
[Round "8.74"]
[White "Jackson, Sheila"]
[Black "Ayvazyan, Nikita"]
[Result "1/2-1/2"]
[WhiteElo "2177"]
[BlackElo "1940"]
[PlyCount "77"]
[EventDate "2013.03.24"]
[WhiteTeam "Spirit of Atticus"]
[BlackTeam "Barbican Youth"]

1. e4 d5 2. exd5 Nf6 3. Bb5+ Bd7 4. Be2 Nxd5 5. d4 Bf5 6. Nf3 e6 7. O-O Nc6 8.
c3 Be7 9. Nbd2 O-O 10. Nc4 a6 11. Bd3 Bxd3 12. Qxd3 Rc8 13. Be3 b5 14. Nce5
Nxe5 15. Nxe5 c5 16. a4 c4 17. Qe2 Qc7 18. g3 Bd6 19. Nf3 b4 20. cxb4 Bxb4 21.
Rfc1 c3 22. bxc3 Bxc3 23. Ra2 Qa5 24. Ne5 h6 25. Nd7 Rfd8 26. Nc5 Nb4 27. Ra3
Bxd4 28. Nb7 Rxc1+ 29. Bxc1 Qc7 30. Nxd8 Qxc1+ 31. Kg2 Qxa3 32. Nxe6 Bf6 33.
Nc5 g6 34. Nd7 Qb2 35. Qe8+ Kh7 36. Qxf7+ Bg7 37. Nf8+ Kh8 38. Nxg6+ Kh7 39.
Nf8+ 1/2-1/2

[Event "4NCL Division 2d"]
[Site "Puma Hotel, Hinckley Island EN"]
[Date "2013.03.24"]
[Round "8.75"]
[White "Brett, Andrew R"]
[Black "Latham, David"]
[Result "1-0"]
[WhiteElo "2105"]
[BlackElo "2143"]
[PlyCount "45"]
[EventDate "2013.03.24"]
[WhiteTeam "Barbican Youth"]
[BlackTeam "Spirit of Atticus"]

1. e4 c5 2. Nc3 Nc6 3. f4 g6 4. Nf3 Bg7 5. Bb5 Nd4 6. O-O Nxb5 7. Nxb5 d6 8. d3
Bd7 9. a4 a6 10. Nc3 b5 11. axb5 axb5 12. Rxa8 Qxa8 13. Nd5 Qc6 14. f5 Bxf5 15.
Nxe7 Nxe7 16. exf5 Nxf5 17. Qe2+ Kd7 18. Re1 Bf6 19. Ng5 Bxg5 20. Bxg5 h5 21.
c3 Qa8 22. d4 Re8 23. Qxb5+ 1-0

[Event "4NCL Division 2d"]
[Site "Puma Hotel, Hinckley Island EN"]
[Date "2013.03.24"]
[Round "8.76"]
[White "Mort, Andrew J"]
[Black "Farrand, Julian T"]
[Result "1/2-1/2"]
[WhiteElo "2021"]
[BlackElo "2081"]
[PlyCount "37"]
[EventDate "2013.03.24"]
[WhiteTeam "Spirit of Atticus"]
[BlackTeam "Barbican Youth"]

1. c4 d6 2. g3 e5 3. Bg2 f5 4. Nc3 Nf6 5. e3 g6 6. Nge2 Bg7 7. O-O O-O 8. d4
Nbd7 9. b3 a6 10. Qd2 Rb8 11. Bb2 Qe8 12. Rad1 g5 13. Ba3 Rf7 14. Nd5 Nf8 15.
Nxf6+ Bxf6 16. Nc3 Be6 17. Qc2 Ng6 18. Nd5 Bg7 19. f4 1/2-1/2

[Event "4NCL Division 2d"]
[Site "Puma Hotel, Hinckley Island EN"]
[Date "2013.03.24"]
[Round "8.77"]
[White "Morrison, Lynne GP"]
[Black "Ackley, Peter JE"]
[Result "0-1"]
[WhiteElo "1905"]
[BlackElo "2029"]
[PlyCount "66"]
[EventDate "2013.03.24"]
[WhiteTeam "Barbican Youth"]
[BlackTeam "Spirit of Atticus"]

1. d4 e6 2. Nf3 f5 3. c4 Nf6 4. Nc3 Bb4 5. Bd2 O-O 6. g3 d6 7. Bg2 Qe7 8. Qc2
e5 9. e3 a5 10. O-O Bxc3 11. Bxc3 Nc6 12. Rad1 Ne4 13. dxe5 dxe5 14. a3 a4 15.
Nd2 Nxc3 16. Qxc3 Ra6 17. Rfe1 Qc5 18. Nf1 e4 19. Rd5 Qe7 20. Red1 Be6 21. R5d2
Qc5 22. b4 axb3 23. Qxb3 b6 24. Qb5 Rxa3 25. Qxc5 bxc5 26. Rc1 Ne5 27. Rdc2 Rb8
28. Nd2 Rb4 29. Nxe4 fxe4 30. Bxe4 Rxc4 31. Rxc4 Nxc4 32. Rc2 Nd6 33. Bf3 c4
0-1

[Event "4NCL Division 2d"]
[Site "Puma Hotel, Hinckley Island EN"]
[Date "2013.03.24"]
[Round "8.78"]
[White "Robertson, David J"]
[Black "Verma, Aditya"]
[Result "1-0"]
[WhiteElo "1939"]
[BlackElo "1603"]
[PlyCount "85"]
[EventDate "2013.03.24"]
[WhiteTeam "Spirit of Atticus"]
[BlackTeam "Barbican Youth"]

1. e4 e5 2. Nf3 Nc6 3. Bc4 Nf6 4. Ng5 d5 5. exd5 b5 6. Bf1 Qxd5 7. Nc3 Qd8 8.
Bxb5 Bb7 9. d3 Bd6 10. O-O O-O 11. Nge4 Nd4 12. Bc4 Nd7 13. Bg5 Qe8 14. Qg4
Nxc2 15. Bh6 g6 16. Rac1 Nd4 17. Qxd7 Bxe4 18. Qxe8 Rfxe8 19. dxe4 Bb4 20. Nd5
Ba5 21. Nf6+ Kh8 22. Nxe8 Rxe8 23. Be3 f5 24. Rfd1 c5 25. Bxd4 exd4 26. exf5
gxf5 27. Bd3 f4 28. Rxc5 Bb6 29. Rf5 Bc7 30. Rf7 Be5 31. Rxh7+ Kg8 32. Re1 f3
33. g3 Rc8 34. h4 Bxg3 35. fxg3 Rf8 36. Kf2 Rb8 37. b3 a5 38. a3 a4 39. Ree7
axb3 40. Bc4+ Kf8 41. Ref7+ Kg8 42. Ra7+ Kf8 43. Rh8# 1-0

[Event "4NCL Division 2d"]
[Site "Puma Hotel, Hinckley Island EN"]
[Date "2013.03.24"]
[Round "8.81"]
[White "Richardson, John R"]
[Black "Willmoth, Robert F"]
[Result "1-0"]
[WhiteElo "2320"]
[BlackElo "2156"]
[PlyCount "45"]
[EventDate "2013.03.24"]
[WhiteTeam "The AD's"]
[BlackTeam "e2e4.org.uk 2"]

1. d4 d5 2. c4 e6 3. cxd5 exd5 4. Nc3 Nf6 5. Bg5 Be7 6. e3 O-O 7. Bd3 Nbd7 8.
Nge2 Re8 9. Qc2 c6 10. f3 Nf8 11. O-O Nh5 12. Bxe7 Qxe7 13. e4 dxe4 14. fxe4
Be6 15. Rf2 g6 16. Raf1 Ng7 17. Ng3 Rad8 18. d5 cxd5 19. exd5 Bxd5 20. Nxd5
Rxd5 21. Bc4 Rc5 22. Bxf7+ Kh8 23. Bxe8 1-0

[Event "4NCL Division 2d"]
[Site "Puma Hotel, Hinckley Island EN"]
[Date "2013.03.24"]
[Round "8.82"]
[White "Mansson, James C"]
[Black "Wheeler, Darren P"]
[Result "0-1"]
[WhiteElo "2123"]
[BlackElo "2284"]
[PlyCount "84"]
[EventDate "2013.03.24"]
[WhiteTeam "e2e4.org.uk 2"]
[BlackTeam "The AD's"]

1. d4 e6 2. c4 Nf6 3. Nc3 Bb4 4. e3 c5 5. Nge2 cxd4 6. exd4 O-O 7. a3 Be7 8.
Nf4 b6 9. Bd3 Bb7 10. d5 g6 11. O-O e5 12. Nfe2 Nh5 13. g3 f5 14. f4 d6 15. b4
Nd7 16. Bc2 Ba6 17. Bb3 Qc8 18. Nb5 Bxb5 19. cxb5 exf4 20. gxf4 Bf6 21. Ra2 Re8
22. Rc2 Qd8 23. Rc6 Qe7 24. Nd4 Bxd4+ 25. Qxd4 Ndf6 26. Bc2 Rad8 27. Bd2 Ne4
28. Be1 Nxf4 29. Qxe4 fxe4 30. Rxf4 Qg5+ 31. Bg3 Rd7 32. Bxe4 Rf8 33. Rxf8+
Kxf8 34. Bg2 Qe3+ 35. Kh1 Kg7 36. a4 Qb3 37. Rc1 Qa3 38. Re1 Qxb4 39. Bh3 Rf7
40. Be6 Qxe1+ 41. Bxe1 Rf1+ 42. Kg2 Rxe1 0-1

[Event "4NCL Division 2d"]
[Site "Puma Hotel, Hinckley Island EN"]
[Date "2013.03.24"]
[Round "8.83"]
[White "Snape, Ian L"]
[Black "Milson, Samuel A"]
[Result "1/2-1/2"]
[WhiteElo "2249"]
[BlackElo "1996"]
[PlyCount "126"]
[EventDate "2013.03.24"]
[WhiteTeam "The AD's"]
[BlackTeam "e2e4.org.uk 2"]

1. e4 e5 2. Nf3 Nc6 3. d4 exd4 4. Bc4 Nf6 5. O-O d6 6. Nxd4 Nxd4 7. Qxd4 Be7 8.
Nc3 O-O 9. Bg5 Bd7 10. Rad1 Bc6 11. f3 a6 12. a4 Nd7 13. Bxe7 Qxe7 14. Bd5 Qe5
15. Qf2 Nb6 16. a5 Nd7 17. f4 Qe7 18. Qd4 Nc5 19. Rde1 Rfe8 20. b4 Ne6 21. Qd2
Nf8 22. Re3 Nd7 23. Rfe1 Nf6 24. h3 Bxd5 25. Nxd5 Nxd5 26. Qxd5 c6 27. Qd2 Qf6
28. Rd3 Rad8 29. c4 h6 30. Kh2 Kf8 31. g3 Qe7 32. Rde3 Qf6 33. Qe2 Qe6 34. Kg2
Qd7 35. Rd1 Qe6 36. Re1 Qd7 37. Qg4 Qxg4 38. hxg4 f6 39. Kf3 Kf7 40. Rd1 Re7
41. c5 Red7 42. Red3 Ke7 43. cxd6+ Rxd6 44. Ke3 Rxd3+ 45. Rxd3 Re8 46. Kd2 b6
47. axb6 Rb8 48. Ra3 Rxb6 49. Kc3 Kd6 50. Kc4 Kc7 51. Ra2 Kb7 52. Ra5 Ka7 53.
Rc5 Kb7 54. g5 hxg5 55. fxg5 Kc7 56. gxf6 gxf6 57. Rf5 Kd6 58. Rxf6+ Ke5 59.
Rf7 Kxe4 60. g4 Rb5 61. Rf5 Rxf5 62. gxf5 Kxf5 63. Kd4 Kf4 1/2-1/2

[Event "4NCL Division 2d"]
[Site "Puma Hotel, Hinckley Island EN"]
[Date "2013.03.24"]
[Round "8.84"]
[White "Fernandez, Michael H"]
[Black "Anderton, David W"]
[Result "1-0"]
[WhiteElo "1871"]
[BlackElo "2217"]
[PlyCount "79"]
[EventDate "2013.03.24"]
[WhiteTeam "e2e4.org.uk 2"]
[BlackTeam "The AD's"]

1. e4 e6 2. d4 d5 3. Nc3 Nf6 4. e5 Nfd7 5. f4 c5 6. Nf3 Nc6 7. Be3 cxd4 8. Nxd4
Bc5 9. Qd2 O-O 10. O-O-O a6 11. g4 Nxd4 12. Bxd4 b5 13. Bxc5 Nxc5 14. Qe3 Qc7
15. Ne2 Ne4 16. Ng3 Bb7 17. Rd4 Rfc8 18. Bd3 Nc5 19. Kb1 Nxd3 20. Qxd3 a5 21.
Rc1 b4 22. Nh5 Ba6 23. Qe3 Re8 24. c3 Qe7 25. g5 bxc3 26. Nf6+ gxf6 27. gxf6
Qf8 28. Rg1+ Kh8 29. Rg7 Reb8 30. Qxc3 Qc8 31. Rxh7+ Kxh7 32. Qh3+ Kg8 33. Rd2
Bf1 34. Qxf1 Qc4 35. Qg2+ Kf8 36. Qg7+ Ke8 37. Qg8+ Kd7 38. Qxf7+ Kd8 39. Qe7+
Kc8 40. Rc2 1-0

[Event "4NCL Division 2d"]
[Site "Puma Hotel, Hinckley Island EN"]
[Date "2013.03.24"]
[Round "8.85"]
[White "Swindells, Jonathan E"]
[Black "Coates, David H"]
[Result "1/2-1/2"]
[WhiteElo "2167"]
[BlackElo "2045"]
[PlyCount "39"]
[EventDate "2013.03.24"]
[WhiteTeam "The AD's"]
[BlackTeam "e2e4.org.uk 2"]

1. e4 c5 2. Nc3 Nc6 3. f4 e6 4. Nf3 d5 5. Bb5 Nge7 6. Qe2 d4 7. Nd1 a6 8. Bxc6+
Nxc6 9. O-O Qc7 10. d3 Be7 11. a4 Bd7 12. Nf2 f6 13. c3 e5 14. fxe5 fxe5 15.
Ng5 O-O 16. Qh5 Bxg5 17. Bxg5 Be6 18. Bh4 Qf7 19. Qxf7+ Rxf7 20. Bg3 1/2-1/2

[Event "4NCL Division 2d"]
[Site "Puma Hotel, Hinckley Island EN"]
[Date "2013.03.24"]
[Round "8.86"]
[White "Garnett, John S"]
[Black "Besedin, Pavel"]
[Result "0-1"]
[WhiteElo "2028"]
[BlackElo "2081"]
[PlyCount "82"]
[EventDate "2013.03.24"]
[WhiteTeam "e2e4.org.uk 2"]
[BlackTeam "The AD's"]

1. d4 g6 2. Nf3 Bg7 3. g3 d6 4. Bg2 c6 5. O-O Nf6 6. c4 O-O 7. Nc3 Nbd7 8. b3
Qa5 9. Bb2 e5 10. Qc2 Re8 11. dxe5 dxe5 12. e3 Nc5 13. Rfe1 e4 14. Nd4 Nd3 15.
Red1 Nxb2 16. Qxb2 Bg4 17. Rd2 c5 18. Nde2 Bxe2 19. Rxe2 Nd5 20. cxd5 Bxc3 21.
Qc1 Bxa1 22. Qxa1 Rad8 23. Qd1 Rd6 24. g4 Re5 25. Rd2 Qd8 26. Qe2 Rdxd5 27.
Rxd5 Qxd5 28. f4 exf3 29. Bxf3 Qe6 30. Kf2 b6 31. Qd2 Qe7 32. h3 Re6 33. e4 Rd6
34. Qf4 Qd8 35. g5 Rd2+ 36. Kg3 Rxa2 37. h4 Qd4 38. Qb8+ Kg7 39. Qe8 Qg1+ 40.
Kf4 Qh2+ 41. Kg4 Ra1 0-1

[Event "4NCL Division 2d"]
[Site "Puma Hotel, Hinckley Island EN"]
[Date "2013.03.24"]
[Round "8.87"]
[White "Bellin, Jana M"]
[Black "Webster, Richard J"]
[Result "1/2-1/2"]
[WhiteElo "2128"]
[BlackElo "1967"]
[PlyCount "117"]
[EventDate "2013.03.24"]
[WhiteTeam "The AD's"]
[BlackTeam "e2e4.org.uk 2"]

1. d4 e6 2. Nf3 Nf6 3. e3 b6 4. Bd3 Bb7 5. Nbd2 d5 6. b3 Be7 7. Bb2 O-O 8. O-O
Nbd7 9. c4 Ne4 10. Rc1 c5 11. Bb1 Nxd2 12. Nxd2 Re8 13. Qc2 g6 14. cxd5 exd5
15. Nf3 Rc8 16. Qd2 Bf6 17. h3 Bg7 18. Rfd1 Re6 19. Bd3 Nb8 20. Bf1 Qe7 21. g3
Bh6 22. Re1 Nd7 23. Bg2 Nf6 24. Nh2 Bg7 25. Red1 Ne4 26. Bxe4 Rxe4 27. dxc5
Bxb2 28. Qxb2 bxc5 29. Ng4 d4 30. exd4 Rxg4 31. hxg4 Qe4 32. d5 Bxd5 33. Rxd5
Qxd5 34. Qe2 Qc6 35. Qc4 Re8 36. Rd1 Qf3 37. Rf1 Re4 38. Qxc5 Rxg4 39. Qd6 h5
40. Re1 Re4 41. Rxe4 Qxe4 42. Qb8+ Kg7 43. Qxa7 h4 44. Qe3 Qb1+ 45. Kh2 hxg3+
46. Qxg3 Qxa2 47. Qc3+ Kg8 48. Kg3 Qe2 49. b4 Qf1 50. Qc8+ Kg7 51. Qc5 Qd3+ 52.
f3 Qd2 53. Qe5+ Kh7 54. b5 Qc1 55. Kf2 Qd2+ 56. Qe2 Qd4+ 57. Kg2 Qc5 58. Qe8
Qg5+ 59. Kf2 1/2-1/2

[Event "4NCL Division 2c"]
[Site "Puma Hotel, Hinckley Island EN"]
[Date "2013.05.05"]
[Round "10.11"]
[White "Zakarian, David"]
[Black "Ashton, Adam G"]
[Result "1-0"]
[WhiteElo "2374"]
[BlackElo "2367"]
[PlyCount "49"]
[EventDate "2013.05.05"]
[WhiteTeam "Oxford 1"]
[BlackTeam "3Cs 1"]

1. Nf3 d5 2. d4 e6 3. c4 c6 4. e3 Nf6 5. b3 Bb4+ 6. Nbd2 c5 7. dxc5 Bxc5 8. Bb2
O-O 9. Bd3 Nc6 10. a3 h6 11. b4 Be7 12. Rc1 a6 13. O-O dxc4 14. Bxc4 Bd7 15.
Ba2 b5 16. Bb1 Rc8 17. Nb3 Be8 18. Qc2 g6 19. Rfd1 Qb6 20. Nc5 a5 21. Qc3 axb4
22. axb4 Nxb4 23. Qxb4 Rxc5 24. Rxc5 Bxc5 25. Qf4 1-0

[Event "4NCL Division 2c"]
[Site "Puma Hotel, Hinckley Island EN"]
[Date "2013.05.05"]
[Round "10.12"]
[White "Longson, Alexander"]
[Black "Eckersley-Waites, Tom"]
[Result "1/2-1/2"]
[WhiteElo "2273"]
[BlackElo "2261"]
[PlyCount "108"]
[EventDate "2013.05.05"]
[WhiteTeam "3Cs 1"]
[BlackTeam "Oxford 1"]

1. e4 e5 2. Nf3 Nc6 3. Bb5 a6 4. Ba4 Nf6 5. O-O Be7 6. Re1 b5 7. Bb3 d6 8. c3
O-O 9. h3 Qd7 10. d4 Re8 11. Nbd2 Bf8 12. d5 Nd8 13. Nf1 h6 14. a4 Bb7 15. axb5
axb5 16. Rxa8 Bxa8 17. Ng3 c6 18. dxc6 Bxc6 19. Nh2 Nb7 20. Ng4 Nxg4 21. hxg4
Nc5 22. Bc2 Qb7 23. b4 Ne6 24. Nf5 d5 25. exd5 Bxd5 26. Rxe5 Bxg2 27. Qd3 g6
28. Nxh6+ Bxh6 29. Bxh6 Bf3 30. Qxb5 Qa8 31. Re1 Kh7 32. Bc1 Qc8 33. Qh5+ Kg8
34. Bxg6 fxg6 35. Qxg6+ Ng7 36. Rxe8+ Qxe8 37. Qxe8+ Nxe8 38. g5 Nd6 39. Be3
Kf7 40. Kf1 Nc4 41. Kg1 Nxe3 42. fxe3 Kg6 43. Kf2 Be4 44. Ke2 Kxg5 45. Kd2 Kf5
46. c4 Ke5 47. Kc3 Bg2 48. b5 Ke4 49. Kb4 Kxe3 50. Kc5 Kd3 51. b6 Bb7 52. Kb4
Bc6 53. Kc5 Bb7 54. Kb5 Kd4 1/2-1/2

[Event "4NCL Division 2c"]
[Site "Puma Hotel, Hinckley Island EN"]
[Date "2013.05.05"]
[Round "10.13"]
[White "Schmidt, Jan-Peter"]
[Black "Bentley, John L"]
[Result "1/2-1/2"]
[WhiteElo "2269"]
[BlackElo "2212"]
[PlyCount "34"]
[EventDate "2013.05.05"]
[WhiteTeam "Oxford 1"]
[BlackTeam "3Cs 1"]

1. Nf3 Nf6 2. c4 g6 3. g3 Bg7 4. Bg2 O-O 5. d4 d6 6. Nc3 c6 7. O-O Bf5 8. Ne1
d5 9. Qb3 Qb6 10. cxd5 cxd5 11. Nxd5 Nxd5 12. Bxd5 Nc6 13. Qxb6 axb6 14. e3 e5
15. dxe5 Bxe5 16. Nf3 Bg7 17. Nd4 Bxd4 1/2-1/2

[Event "4NCL Division 2c"]
[Site "Puma Hotel, Hinckley Island EN"]
[Date "2013.05.05"]
[Round "10.14"]
[White "House, Glenn L"]
[Black "Smallbone, Kieran D"]
[Result "1-0"]
[WhiteElo "2228"]
[BlackElo "2211"]
[PlyCount "73"]
[EventDate "2013.05.05"]
[WhiteTeam "3Cs 1"]
[BlackTeam "Oxford 1"]

1. Nf3 d5 2. g3 Nf6 3. d3 c6 4. Bg2 Bf5 5. Nbd2 h6 6. O-O e6 7. e3 Be7 8. Qe2
O-O 9. e4 Bh7 10. e5 Nfd7 11. Ne1 a5 12. f4 a4 13. a3 Na6 14. Ndf3 Qb6+ 15. Kh1
Nac5 16. Bh3 Rae8 17. Rb1 Qa6 18. Be3 f6 19. exf6 Bxf6 20. Ne5 Qa5 21. N1f3 Qc7
22. Rbe1 Bf5 23. Bg2 Qd6 24. Bd4 Bd8 25. Qd2 Nxe5 26. fxe5 Qe7 27. Nh4 Bh7 28.
Qb4 b6 29. Bh3 g5 30. Nf3 h5 31. Bg2 Qa7 32. Qd2 Qg7 33. Be3 Rf5 34. Nd4 Rxf1+
35. Rxf1 Qxe5 36. Nxc6 Qg7 37. Nxd8 1-0

[Event "4NCL Division 2c"]
[Site "Puma Hotel, Hinckley Island EN"]
[Date "2013.05.05"]
[Round "10.15"]
[White "Rawlinson, Aidan M"]
[Black "Walton, Alan J"]
[Result "0-1"]
[WhiteElo "2171"]
[BlackElo "2142"]
[PlyCount "48"]
[EventDate "2013.05.05"]
[WhiteTeam "Oxford 1"]
[BlackTeam "3Cs 1"]

1. d4 e6 2. c4 f5 3. g3 Nf6 4. Bg2 Be7 5. Nc3 d6 6. Qc2 O-O 7. Nf3 a5 8. O-O
Nc6 9. e4 fxe4 10. Nxe4 e5 11. dxe5 dxe5 12. Rd1 Qe8 13. Nfg5 Nxe4 14. Bxe4
Bxg5 15. Bxg5 Nd4 16. Rxd4 exd4 17. Bxh7+ Kh8 18. Bg6 Qe6 19. f4 Qe3+ 20. Kg2
Bg4 21. Bd3 Rae8 22. Rf1 Be2 23. Bxe2 Qxe2+ 24. Rf2 d3 0-1

[Event "4NCL Division 2c"]
[Site "Puma Hotel, Hinckley Island EN"]
[Date "2013.05.05"]
[Round "10.17"]
[White "Dickinson, Tim R"]
[Black "Horton, Andrew P"]
[Result "1/2-1/2"]
[WhiteElo "2134"]
[BlackElo "2015"]
[PlyCount "77"]
[EventDate "2013.05.05"]
[WhiteTeam "Oxford 1"]
[BlackTeam "3Cs 1"]

1. d4 Nf6 2. Nf3 e6 3. g3 b5 4. Bg2 Bb7 5. O-O Be7 6. a4 b4 7. Nbd2 a5 8. Re1
O-O 9. e4 d5 10. e5 Nfd7 11. Nb3 c5 12. dxc5 Nxc5 13. Nxc5 Bxc5 14. Be3 Qb6 15.
Bf1 Nc6 16. Bxc5 Qxc5 17. Bb5 Ne7 18. Nd4 Ba6 19. Rc1 Bxb5 20. Nxb5 Nf5 21. c3
Rac8 22. Qd2 bxc3 23. bxc3 Qc4 24. Ra1 Rfd8 25. Kg2 h6 26. h3 d4 27. cxd4 Nxd4
28. Nxd4 Qxd4 29. Qxa5 Rc2 30. Rf1 Qe4+ 31. Kg1 Rdd2 32. Ra3 Qf5 33. Qa8+ Kh7
34. Qf3 Qxe5 35. Qxf7 Ra2 36. Rxa2 Rxa2 37. Qd7 Qe4 38. Rd1 Rxa4 39. Qd3
1/2-1/2

[Event "4NCL Division 2c"]
[Site "Puma Hotel, Hinckley Island EN"]
[Date "2013.05.05"]
[Round "10.18"]
[White "Horton, Jamie A"]
[Black "Miranda Gonzalez, Nicole"]
[Result "1/2-1/2"]
[WhiteElo "1983"]
[BlackElo "2009"]
[PlyCount "87"]
[EventDate "2013.05.05"]
[WhiteTeam "3Cs 1"]
[BlackTeam "Oxford 1"]

1. e4 e5 2. Nf3 Nf6 3. Nxe5 d6 4. Nf3 Nxe4 5. Nc3 d5 6. Qe2 Be7 7. Nxe4 dxe4 8.
Qxe4 O-O 9. Bd3 g6 10. O-O Nc6 11. Be2 Bf6 12. c3 Re8 13. Qd3 Bf5 14. Qxd8
Raxd8 15. Re1 Re7 16. Bb5 Ne5 17. Nxe5 Bxe5 18. g3 c6 19. Bf1 Rde8 20. d4 Bg7
21. Rxe7 Rxe7 22. Bd2 b5 23. Re1 Rxe1 24. Bxe1 b4 25. Bd2 Kf8 26. Bg2 bxc3 27.
bxc3 Bd7 28. Kf1 Ke7 29. Ke2 Bg4+ 30. Kd3 Kd7 31. c4 Bf5+ 32. Be4 Bh3 33. Bb4
Bf1+ 34. Kc3 a6 35. Bd3 Bxd3 36. Kxd3 Ke6 37. f3 h5 38. h3 f5 39. Bd2 Kd6 40.
Bf4+ Ke6 41. g4 hxg4 42. hxg4 Bf6 43. Be3 Bd8 44. Bf4 1/2-1/2

[Event "4NCL Division 2c"]
[Site "Puma Hotel, Hinckley Island EN"]
[Date "2013.05.05"]
[Round "10.21"]
[White "Slaby, Jerzy"]
[Black "Snuverink, Jochem"]
[Result "1-0"]
[WhiteElo "2476"]
[BlackElo "2350"]
[PlyCount "80"]
[EventDate "2013.05.05"]
[WhiteTeam "Pandora's Box Grantham"]
[BlackTeam "Kings Head"]

1. c4 Nf6 2. g3 c6 3. Bg2 d5 4. Nf3 Bf5 5. cxd5 cxd5 6. Qb3 Nc6 7. d3 e5 8. O-O
e4 9. dxe4 dxe4 10. Ng5 Qe7 11. Nc3 Rd8 12. Be3 Bg6 13. Rfd1 Rxd1+ 14. Rxd1 h6
15. Ngxe4 Bxe4 16. Nxe4 Nxe4 17. Bxe4 Qxe4 18. Qxb7 Qe6 19. Qa8+ Ke7 20. Rc1
Ne5 21. Bc5+ Kf6 22. Bxf8 Kg6 23. Rc5 Rxf8 24. Qe4+ f5 25. Qxe5 Qxa2 26. Ra5
Qb1+ 27. Kg2 Qe4+ 28. Qxe4 fxe4 29. Rxa7 Rb8 30. Ra4 Kf5 31. b4 e3 32. f4 Ke4
33. b5+ Kd5 34. Rb4 Kc5 35. Rb1 Rb6 36. Kf3 Kd4 37. g4 h5 38. gxh5 Kc3 39. Kxe3
Kc2 40. Rg1 Rxb5 1-0

[Event "4NCL Division 2c"]
[Site "Puma Hotel, Hinckley Island EN"]
[Date "2013.05.05"]
[Round "10.22"]
[White "McMichael, Richard J"]
[Black "Polaczek, Richard"]
[Result "1/2-1/2"]
[WhiteElo "2248"]
[BlackElo "2396"]
[PlyCount "86"]
[EventDate "2013.05.05"]
[WhiteTeam "Kings Head"]
[BlackTeam "Pandora's Box Grantham"]

1. d4 Nf6 2. Nf3 e6 3. Bg5 c5 4. e3 d5 5. Nbd2 Nc6 6. c3 Be7 7. Bd3 a6 8. O-O
b6 9. Ne5 Nxe5 10. dxe5 Nd7 11. Bxe7 Qxe7 12. f4 Bb7 13. Qe2 b5 14. Nf3 h6 15.
Rf2 g5 16. a4 b4 17. cxb4 g4 18. Nd2 c4 19. Bc2 Qxb4 20. Rb1 h5 21. b3 c3 22.
Nc4 dxc4 23. bxc4 Qa5 24. Rxb7 Nc5 25. Rb1 O-O-O 26. Rd1 Rxd1+ 27. Qxd1 Rd8 28.
Qb1 Kc7 29. f5 Rd2 30. fxe6 fxe6 31. Rxd2 cxd2 32. Qa1 Nd7 33. Qd4 Nxe5 34. Kf2
Nc6 35. Qg7+ Kb6 36. Ke2 Qb4 37. Qd7 Qxc4+ 38. Kxd2 Qf1 39. Be4 Qf2+ 40. Kd1
Qf1+ 41. Kd2 Qf2+ 42. Kd1 Qf1+ 43. Kd2 Qf2+ 1/2-1/2

[Event "4NCL Division 2c"]
[Site "Puma Hotel, Hinckley Island EN"]
[Date "2013.05.05"]
[Round "10.23"]
[White "Crouch, Colin S"]
[Black "Kwiatkowski, Feliks J"]
[Result "1/2-1/2"]
[WhiteElo "2388"]
[BlackElo "2209"]
[PlyCount "114"]
[EventDate "2013.05.05"]
[WhiteTeam "Pandora's Box Grantham"]
[BlackTeam "Kings Head"]

1. d4 Nf6 2. c4 e6 3. Nf3 c5 4. d5 d6 5. Nc3 exd5 6. cxd5 g6 7. g3 Bg7 8. Bg2
O-O 9. O-O Re8 10. Nd2 Nbd7 11. Nc4 Ne5 12. Nxe5 Rxe5 13. Bf4 Re8 14. Qd2 a6
15. a4 Rb8 16. Bg5 Qc7 17. Qf4 Nh5 18. Qf3 h6 19. Bd2 b5 20. axb5 axb5 21. g4
Nf6 22. g5 hxg5 23. Bxg5 Nh5 24. e4 b4 25. Nd1 c4 26. Rc1 Ba6 27. Re1 Re5 28.
Be3 Rbe8 29. Qe2 Qb7 30. Qd2 Nf6 31. f3 Nd7 32. Nf2 R5e7 33. Bg5 Bf6 34. Ng4
Qb6+ 35. Be3 Qb7 36. Nxf6+ Nxf6 37. Bg5 Nd7 38. Bxe7 Rxe7 39. f4 Nc5 40. Bf1
Nb3 41. Qe2 Qb6+ 42. Kh1 Nxc1 43. Rxc1 Qd4 44. Re1 Kg7 45. Bg2 f6 46. Rd1 Qb6
47. f5 gxf5 48. Rg1 Kf8 49. Qh5 Rg7 50. Qh8+ Kf7 51. exf5 Qf2 52. Qd8 Rxg2 53.
Qd7+ Kf8 54. Qxd6+ Kf7 55. Qe6+ Kf8 56. Qxf6+ Ke8 57. Qc6+ Kf8 1/2-1/2

[Event "4NCL Division 2c"]
[Site "Puma Hotel, Hinckley Island EN"]
[Date "2013.05.05"]
[Round "10.24"]
[White "Okike, David C"]
[Black "Batchelor, Peter J"]
[Result "1/2-1/2"]
[WhiteElo "2160"]
[BlackElo "2132"]
[PlyCount "62"]
[EventDate "2013.05.05"]
[WhiteTeam "Kings Head"]
[BlackTeam "Pandora's Box Grantham"]

1. e4 c6 2. d4 d5 3. e5 Bf5 4. Nf3 e6 5. c4 dxc4 6. Bxc4 Nd7 7. h3 Ne7 8. Nc3
Nd5 9. O-O Bb4 10. Ne2 O-O 11. Ng3 Bg6 12. Bd3 c5 13. Bxg6 hxg6 14. a3 Ba5 15.
dxc5 Bc7 16. Qd4 Ne7 17. Bf4 g5 18. Nxg5 Ng6 19. Rad1 Ndxe5 20. Bxe5 Bxe5 21.
Qg4 Qe7 22. b4 Rfd8 23. Nf3 Bb2 24. Qc4 Ne5 25. Nxe5 Bxe5 26. Qe4 Qc7 27. Ne2
Bb2 28. Nd4 Qd7 29. Nf3 Qxd1 30. Rxd1 Rxd1+ 31. Kh2 Rd5 1/2-1/2